Código penal : comentarios y jurisprudencia / por Mariano Gómez de Liaño y Cobaleda ... [et al.] comentarios y jurisprudencia / por Mariano Gómez de Liaño y Cobaleda ... [et al.]
ISBN:
84-861-123-19-4
Descripción Física:
408 p. ; 20 cm
Otros Autores:
Gómez de Liaño y Cobaleda, Mariano
MARC
| LEADER | 00000nam a2200000Ia 4500 | ||
|---|---|---|---|
| 001 | 13747 | ||
| 008 | 160829s9999 xx 000 0 cat d | ||
| 020 | |a 84-861-123-19-4 | ||
| 080 | |a D-2-2 | ||
| 245 | |a Código penal : |b comentarios y jurisprudencia / por Mariano Gómez de Liaño y Cobaleda ... [et al.] | ||
| 250 | |a 2a ed., puesta al día, legal y jurídicamente | ||
| 260 | |a Madrid : |b Colex, DL 1984 | ||
| 300 | |a 408 p. ; |c 20 cm | ||
| 650 | |a Dret penal |x Legislació |x Espanya |9 38151 | ||
| 650 | |a Jurisprudència penal |x Espanya |9 38152 | ||
| 650 | |a Espanya. Ley Orgánica de Reforma Urgente y Parcial del Código Penal (1983) |9 38153 | ||
| 700 | |a Gómez de Liaño y Cobaleda, Mariano |9 38154 | ||
| 901 | |a Arxiu | ||
| 942 | |n 1 | ||
| 952 | |0 1 |1 0 |2 udc |4 0 |5 2 |6 D22 |7 1 |9 48298 |a Arxiu |b Arxiu |d 2016-12-01 |l 0 |o D-2-2 |p 13747 |r 2016-12-01 00:00:00 |w 2016-12-01 |y ARXIU | ||
| 999 | |c 52104 |d 52104 | ||